|
|
|
|
| LEADER |
00000cam a22000004a 4500 |
| 001 |
musev2_5828 |
| 003 |
MdBmJHUP |
| 005 |
20230905040705.0 |
| 006 |
m o d |
| 007 |
cr||||||||nn|n |
| 008 |
120411r20121995cc o 00 0 eng d |
| 020 |
|
|
|a 9789882202986
|
| 020 |
|
|
|z 9789622093669
|
| 035 |
|
|
|a (OCoLC)650853005
|
| 040 |
|
|
|a MdBmJHUP
|c MdBmJHUP
|
| 043 |
|
|
|a a-cc-hk
|
| 050 |
|
4 |
|a HQ687
|b .Y688 1995
|
| 100 |
1 |
|
|a Young, Katherine P. H.
|
| 245 |
1 |
0 |
|a Understanding Marriage :
|b A Hong Kong Case Study /
|c Katherine P.H. Young.
|
| 264 |
|
1 |
|a Hong Kong [China] :
|b Hong Kong University Press,
|c 1995
|
| 264 |
|
3 |
|a Baltimore, Md. :
|b Project MUSE,
|c 2012
|
| 264 |
|
4 |
|c ©1995
|
| 300 |
|
|
|a 1 online resource (224 pages):
|b ill., digital file.
|
| 336 |
|
|
|a text
|b txt
|2 rdacontent
|
| 337 |
|
|
|a computer
|b c
|2 rdamedia
|
| 338 |
|
|
|a online resource
|b cr
|2 rdacarrier
|
| 500 |
|
|
|a Issued as part of book collections on Project MUSE.
|
| 504 |
|
|
|a Includes bibliographical references (p. [191]-200) and index.
|
| 505 |
0 |
|
|a pt. 1. The Hong Kong marital study -- 1. Studying marriages in Hong Kong -- 2. The Hong Kong marital study -- 3. The couple's descriptions of their relationship -- pt. 2. Variations in marriage -- 4. Classification of types of marriage -- 5. Variations in the marital experience according to the life cycle -- 6. Variations in the marital experience according to gender and generational issues -- pt. 3. Marital interdependence -- 7. The transition from traditional to companionship marriages -- 8. Interdependence in marital relationships -- 9. Tuning into spousal negotiations -- Appendices.
|
| 506 |
|
|
|a Access restricted to authorized users and institutions.
|
| 520 |
|
|
|a This book examines changes that occur in the marital relationship today. The author concludes that as "affective individualism" is used to characterize modern marriages in the West, "affective familism" is a more appropriate character of marriages among the Chinese in Hong Kong.
|
| 588 |
|
|
|a Description based on print version record.
|
| 650 |
|
0 |
|a Spouses
|z China
|z Hong Kong
|v Case studies.
|
| 650 |
|
0 |
|a Married people
|z China
|z Hong Kong
|v Case studies.
|
| 650 |
|
0 |
|a Marriage
|z China
|z Hong Kong
|v Case studies.
|
| 655 |
|
7 |
|a Electronic books.
|2 local
|
| 710 |
2 |
|
|a Project Muse.
|
| 776 |
1 |
8 |
|i Print version:
|z 9622093663
|z 9789622093669
|
| 710 |
2 |
|
|a Project Muse.
|e distributor
|
| 830 |
|
0 |
|a Book collections on Project MUSE.
|
| 856 |
4 |
0 |
|z Texto completo
|u https://projectmuse.uam.elogim.com/book/5828/
|
| 945 |
|
|
|a Project MUSE - Custom Collection
|
| 945 |
|
|
|a Project MUSE - Archive Complete Foundation
|
| 945 |
|
|
|a Project MUSE - Archive Political Science and Policy Studies Foundation
|
| 945 |
|
|
|a Project MUSE - Archive Asian and Pacific Studies Foundation
|